000 00557nam a2200181Ia 4500
008 100917s9999 xx 000 0 und d
082 _b14601
100 _aमित्र का. र.
245 _aदोन घटका मनोरंजन भा. 2
260 _b---
_c1909
300 _a400
365 _b1.25
520 _aकादंबरी
630 _aदोन घटका मनोरंजन भा. 2
650 _aकादंबरी
730 _aदोन घटका मनोरंजन भा. 2
942 _cBOOK
999 _c619995
_d619992